000 003700000a22001090004500
090 _aAS
_bSeriadas
245 1 0 _aDicranopygium callithrix (Cyclanthaceae), a new species from the Cauca Valley, Colombia
041 0 _aInglés
100 1 _aSilverstone Sopkin, Philip A.
_955077
942 _cARTICULO
773 1 _tNovon
_kJournal for Botanical Nomenclature
_h3
_q337-340
_d2004
_g14
999 _c16199
_d16199